WEATHER (Record no. 704975)

MARC details
000 -LEADER
fixed length control field 00248nam a2200109Ia 4500
008 - FIXED-LENGTH DATA ELEMENTS--GENERAL INFORMATION
fixed length control field 220713s9999 xx 000 0 und d
020 ## - INTERNATIONAL STANDARD BOOK NUMBER
International Standard Book Number <a href="978 0716677253">978 0716677253</a>
082 ## - DEWEY DECIMAL CLASSIFICATION NUMBER
Classification number JNF 551.6 LEAR
942 ## - ADDED ENTRY ELEMENTS
Modifier ID 561
Modifier Name John Tresidder
100 ## - MAIN ENTRY--PERSONAL NAME
Personal name LEARNING
245 #0 - TITLE STATEMENT
Title WEATHER
942 ## - ADDED ENTRY ELEMENTS
item type Books
Holdings
Withdrawn status Lost status Damaged status Not for loan Home library Current library Date acquired Cost, normal purchase price Total Checkouts Barcode Date last seen Price effective from item type Public note
        Chromeville PL (MMID-PLST-CHRO) Chromeville PL (MMID-PLST-CHRO) 04.07.2022 162.10   33089000298780 04.07.2022 04.07.2022 Books 83/2011
        Gerard Sekoto PL(MMID-PLST-GERA) Gerard Sekoto PL(MMID-PLST-GERA) 13.07.2022 150.00   33089000118616 13.07.2022 13.07.2022 Books 561/09